[Event "Doeberl Cup 62nd"]
[Site "Canberra"]
[Date "2025.04.17"]
[Round "1"]
[White "Das, Sayantan"]
[Black "Wang, Lachlan"]
[Result "1-0"]
[WhiteElo "2416"]
[BlackElo "2076"]
[PlyCount "89"]
[EventDate "2025.04.17"]
[EventType "swiss"]
[EventRounds "9"]
[EventCountry "AUS"]
[SourceTitle "CB17_2025"]
[SourceDate "2025.04.23"]
[SourceVersion "1"]
[SourceVersionDate "2025.04.23"]
[SourceQuality "1"]

1. Nf3 Nf6 2. g3 g6 3. b3 Bg7 4. Bb2 0-0 5. Bg2 c5 6. c4 Nc6 7. 0-0 d5 8. cxd5 Nxd5 9. Bxg7 Kxg7 10. d4 cxd4 11. Nxd4 Ndb4 12. Nxc6 Nxc6 13. Qc1 Qc7 14. Qb2+ Kg8 15. Nc3 Be6 16. Ne4 Bd5 17. Rac1 Rfd8 18. Rc5 Bxe4 19. Bxe4 Rd6 20. Rfc1 Rad8 21. Kg2 Qb6 22. Bxc6 Rxc6 23. Rxc6 bxc6 24. Qe5 Qb7 25. Qe4 Rd6 26. Rc5 Rd5 27. Rc4 Rd6 28. h4 Re6 29. Qf3 Rf6 30. Qc3 Rd6 31. h5 gxh5 32. Rb4 Qa8 33. Qc5 Re6 34. Rf4 Qd8 35. e4 Qc7 36. Qxh5 Rg6 37. Qf3 e6 38. Rh4 Qe5 39. Qh5 Qg7 40. Qc5 Qf6 41. Rh5 Qb2 42. Qxc6 Qxa2 43. Qc8+ Kg7 44. Qc3+ Kg8 45. Rb5 1-0

[Event "Melbourne op"]
[Site "Melbourne"]
[Date "2025.04.11"]
[Round "6"]
[White "Thogata, Randheer"]
[Black "Wang, Lachlan"]
[Result "1/2-1/2"]
[WhiteElo "2018"]
[BlackElo "2076"]
[PlyCount "82"]
[EventDate "2025.04.07"]
[EventType "swiss"]
[EventRounds "9"]
[EventCountry "AUS"]
[SourceTitle "CB16_2025"]
[SourceDate "2025.04.16"]
[SourceVersion "1"]
[SourceVersionDate "2025.04.16"]
[SourceQuality "1"]

1. e4 c5 2. Nf3 d6 3. d4 cxd4 4. Nxd4 Nf6 5. Nc3 g6 6. Be3 Bg7 7. f3 0-0 8. Qd2 Nc6 9. Bc4 Bd7 10. 0-0-0 Rb8 11. Kb1 Nxd4 12. Bxd4 b5 13. Be2 b4 14. Nd5 Nxd5 15. exd5 Bxd4 16. Qxd4 Qb6 17. Qd2 Rfc8 18. g4 a5 19. h4 a4 20. b3 Qc5 21. Bc4 Bb5 22. Bxb5 Rxb5 23. Rhe1 Rc7 24. Re4 axb3 25. cxb3 Qb6 26. h5 Qb8 27. hxg6 fxg6 28. Qe2 Rbb7 29. Rf4 Qc8 30. Rh1 Rc3 31. Qh2 e5 32. Rf6 Qe8 33. Rxd6 Rxf3 34. Re6 Qf7 35. Re1 Qf4 36. Qe2 Rf7 37. Rxe5 Qxg4 38. Re8+ Kg7 39. Qe5+ R3f6 40. Rf1 Qh5 41. Qd4 Qxd5 1/2-1/2

[Event "Melbourne op"]
[Site "Melbourne"]
[Date "2025.04.07"]
[Round "1"]
[White "Wang, Lachlan"]
[Black "Das, Arghyadip"]
[Result "0-1"]
[WhiteElo "2076"]
[BlackElo "2345"]
[PlyCount "102"]
[EventDate "2025.04.07"]
[EventType "swiss"]
[EventRounds "9"]
[EventCountry "AUS"]
[SourceTitle "CB16_2025"]
[SourceDate "2025.04.16"]
[SourceVersion "1"]
[SourceVersionDate "2025.04.16"]
[SourceQuality "1"]

1. e4 c5 2. Nf3 a6 3. c4 e6 4. Nc3 Qc7 5. d4 cxd4 6. Nxd4 Nf6 7. a3 b6 8. Be3 Bb7 9. Bd3 d6 10. 0-0 Nbd7 11. Rc1 Be7 12. b4 Ne5 13. f3 0-0 14. Nb3 Rab8 15. Be2 Rfe8 16. Na4 Bc6 17. b5 Bd7 18. Qd4 Ng6 19. Nb2 Bc8 20. Rfd1 Nd7 21. Qd2 a5 22. Nd4 Bb7 23. Nd3 Rbd8 24. Qe1 Bh4 25. g3 Bf6 26. a4 h5 27. Qf2 h4 28. Nb3 hxg3 29. hxg3 Ngf8 30. Kg2 Nc5 31. Ndxc5 dxc5 32. Rh1 e5 33. Rh2 Ne6 34. Rch1 Kf8 35. g4 Bg5 36. Bxg5 Nxg5 37. Rh8+ Ke7 38. Rxe8+ Kxe8 39. Rh8+ Ke7 40. Rxd8 Qxd8 41. Qe3 Ne6 42. Kf2 Qh8 43. Ke1 Qh1+ 44. Bf1 f6 45. Qf2 Bc8 46. Kd2 Ng5 47. Bg2 Qb1 48. Kc3 Ne6 49. Qc2 Qg1 50. Qe2 Nf4 51. Bf1 Nxe2+ 0-1